UM Logo

Factors that Influence Students in Failing Mathematics: the Case of Digos City National High School. (Record no. 6391)

MARC details
000 -LEADER
fixed length control field 00647nam a22001577a 4500
008 - FIXED-LENGTH DATA ELEMENTS--GENERAL INFORMATION
fixed length control field 170309b xxu||||| |||| 00| 0 eng d
082 ## - DEWEY DECIMAL CLASSIFICATION NUMBER
Edition number 2016
Classification number UT 0714
Item number C23
100 ## - MAIN ENTRY--PERSONAL NAME
9 (RLIN) 19275
Personal name Carreon, Ian Joseph Anthony B.
245 ## - TITLE STATEMENT
Title Factors that Influence Students in Failing Mathematics: the Case of Digos City National High School.
Statement of responsibility, etc. Ian Joseph Anthony B. Carreon, Louela P. Layola and Cherry Mae Bosio.
300 ## - PHYSICAL DESCRIPTION
Extent 75 pages;
Other physical details 29 cm.
650 #0 - SUBJECT ADDED ENTRY--TOPICAL TERM
9 (RLIN) 19276
Topical term or geographic name as entry element Education
Form subdivision Mathematics
General subdivision Undergraduate Thesis.
700 ## - ADDED ENTRY--PERSONAL NAME
9 (RLIN) 19277
Personal name Carreon, Ian Joseph Anthony B.
700 ## - ADDED ENTRY--PERSONAL NAME
9 (RLIN) 19278
Personal name Layola, Louela P.
700 ## - ADDED ENTRY--PERSONAL NAME
9 (RLIN) 19279
Personal name Bosio, Cherry Mae.
942 ## - ADDED ENTRY ELEMENTS (KOHA)
Source of classification or shelving scheme Dewey Decimal Classification
Koha item type Undergraduate Thesis
Holdings
Withdrawn status Lost status Source of classification or shelving scheme Damaged status Not for loan Home library Current library Date acquired Total Checkouts Full call number Barcode Date last seen Copy number Price effective from Koha item type
    Dewey Decimal Classification     UM Digos College - LIC UM Digos College - LIC 11/07/2016   UT 0714 C23 2016 UT0714 03/09/2017 1 03/09/2017 Undergraduate Thesis
    Dewey Decimal Classification     UM Digos College - LIC UM Digos College - LIC 02/27/2017   UT 0730 C23 2016 UT0730 04/18/2017 2 04/18/2017 Undergraduate Thesis
    Dewey Decimal Classification     UM Digos College - LIC UM Digos College - LIC 02/27/2017   UT 0751 C23 2016 UT0751 04/24/2017 3 04/24/2017 Undergraduate Thesis